000 00297nam a2200121Ia 4500
008 190216s9999||||xx |||||||||||||| ||und||
100 _aSoni R N
245 0 _aLeading Issues In Agricultural Economics
260 _bVishal Publcations
_c2002
300 _a694p
650 _aEconomics
942 _cBK
999 _c10040
_d10040